[Event "10th Chigorin Mem"]
[Site "St Petersburg RUS"]
[Date "2002.11.03"]
[Round "9"]
[White "Solovjov,S"]
[Black "Geller,J"]
[Result "0-1"]
[WhiteElo "2467"]
[BlackElo "2433"]

1.e4 c5 2.Nf3 e6 3.d4 cxd4 4.Nxd4 Nc6 5.Nc3 Qc7 6.Be3 a6 7.Qd2 Nf6 8.f3 Ne5
9.Bf4 Bb4 10.a3 Bxc3 11.Qxc3 Qxc3+ 12.bxc3 d6 13.Rb1 Nfd7 14.Be3 Nc5 15.Be2 Ned7
16.c4 Kd8 17.Nb3 Na4 18.Bf4 Kc7 19.Kf2 b6 20.Rhd1 e5 21.Bd2 Ndc5 22.Bd3 Be6
23.Nc1 Rac8 24.Ne2 Nb7 25.Ng3 Kd7 26.Nf5 Bxf5 27.exf5 Nbc5 28.Re1 f6 29.Be3 Rc6
30.Bd2 Rhc8 31.g4 h6 32.h4 d5 33.cxd5 Nxd3+ 34.cxd3 Rc2 35.Re2 Kd6 36.f4 exf4
37.Rb4 b5 38.Rxf4 Kxd5 39.g5 Nc5 40.Rf3 hxg5 41.hxg5 Nb3 42.Be3 Nd4 43.Bxd4 Kxd4
44.gxf6 gxf6 45.Re3 Rxe2+ 46.Kxe2 Rc2+ 47.Kf3 Rc5 48.Re6 Rxf5+ 49.Kg4 Rg5+
50.Kf4 a5 51.Rxf6 Rd5  0-1

[Event "Olympiad w"]
[Site "Bled SLO"]
[Date "2002.11.04"]
[Round "9"]
[White "Popova,N"]
[Black "Swathi,G"]
[Result "1/2-1/2"]
[WhiteElo "2247"]
[BlackElo "2247"]

1.e4 c5 2.Nf3 e6 3.d4 cxd4 4.Nxd4 Nc6 5.Nc3 Nf6 6.Ndb5 d6 7.Bf4 e5 8.Bg5 a6
9.Na3 b5 10.Nd5 Be7 11.Bxf6 Bxf6 12.c3 Bg5 13.Nc2 Ne7 14.Ncb4 O-O 15.a4 bxa4
16.Rxa4 a5 17.Nxe7+ Qxe7 18.Nd5 Qb7 19.b3 Bd7 20.Ra2 Be6 21.Bc4 Rfc8 22.Qd3 a4
23.b4 Ra7 24.O-O Bd7 25.Ra3 Kh8 26.Rd1 Qb8 27.Ba6 Rf8 28.b5 f5 29.exf5 Bxf5
30.Qe2 Be6 31.Rxa4 Bxd5 32.Rxd5 Bd8 33.f3 Bb6+ 34.Kf1 Bc5 35.Qd3 Qd8 36.Re4 Qg5
37.Qd1 Raf7 38.Rd3 Qh6 39.Ke2 Qxh2 40.Qf1 Rf4 41.Bb7 R4f6 42.Rd2 Qh6 43.Bd5 Qg6
44.Qh1 Qg5 45.Rd3 Rh6 46.Qf1 Rh2 47.Rg4 Qh5 48.Rd1 Qh6 49.Kd3 Rh4 50.Rxh4 Qxh4
51.Kc2 Rc8 52.Qc4 Qd8 53.Ra1 h6 54.Qg4 Rb8 55.Qg6 Qf6 56.Be4 Kg8 57.Qh7+ Kf7
58.Ra6 Qg5 59.g4 Ke7 60.Rc6 Bb6 61.Kb3 Qf6 62.Qf5 Qxf5 63.Bxf5 Rb7 64.Kc4 Bf2
65.Be4 Rb8 66.Rc7+ Kf6 67.Bd5 g6 68.Rf7+ Kg5 69.Be4 Rc8+ 70.Kd3 Rg8 71.Rd7 Bc5
72.b6 Bxb6 73.Rxd6 Rd8 74.Rxd8 Bxd8 75.Ke2 Bb6 76.Kf1 h5 77.gxh5 gxh5 78.Kg2  1/2-1/2

[Event "Olympiad"]
[Site "Bled SLO"]
[Date "2002.11.04"]
[Round "9"]
[White "De Silva,N"]
[Black "Al Modiahki,M"]
[Result "1-0"]
[WhiteElo "2236"]
[BlackElo "2550"]

1.e4 c5 2.Nf3 e6 3.d4 cxd4 4.Nxd4 Nc6 5.Nc3 Qc7 6.Be2 a6 7.f4 Nxd4 8.Qxd4 b5
9.Bf3 Bb7 10.Be3 Rc8 11.Rd1 Ne7 12.Qd2 Nc6 13.Bb6 Bb4 14.Bxc7 Rxc7 15.a3 Bc5
16.e5 O-O 17.Ne4 Bb6 18.c3 f6 19.exf6 d5 20.Nf2 Na5 21.O-O Nc4 22.Qe2 Rxf6
23.Kh1 Nd6 24.Ng4 Rg6 25.f5 exf5 26.Bxd5+ Bxd5 27.Rxd5 h6 28.Rdxf5 Nxf5 29.Rxf5 Rd6
30.h3 Rcd7 31.Qe8+ Kh7 32.Rf8 Rd1+ 33.Kh2 Bg1+ 34.Kg3 R1d3+ 35.Kh4  1-0

[Event "Olympiad"]
[Site "Bled SLO"]
[Date "2002.11.04"]
[Round "9"]
[White "Ye Jiangchuan"]
[Black "Movsesian,S"]
[Result "1/2-1/2"]
[WhiteElo "2667"]
[BlackElo "2651"]

1.e4 c5 2.Nf3 e6 3.d4 cxd4 4.Nxd4 Nc6 5.Nc3 Qc7 6.Be2 a6 7.O-O Nf6 8.Kh1 Be7
9.f4 d6 10.a4 O-O 11.Be3 Re8 12.Bd3 Nxd4 13.Bxd4 e5 14.Be3 exf4 15.Rxf4 Be6
16.Nd5 Bxd5 17.exd5 g6 18.Qf3 Nd7 19.Bd4 f6 20.Rh4 Bf8 21.Qh3 Re7 22.Bxg6 hxg6
23.Rh8+ Kf7 24.Qh7+ Ke8 25.Qxg6+ Rf7 26.Rf1 Qc4 27.Re1+ Ne5 28.Bxe5 dxe5
29.Rxe5+ fxe5 30.Qe6+ Re7 31.Qf5 Rf7 32.Qe6+ Re7 33.Qf5 Rf7 34.Qe6+  1/2-1/2

[Event "Olympiad"]
[Site "Bled SLO"]
[Date "2002.11.04"]
[Round "9"]
[White "Volkmann,F"]
[Black "Korchnoi,V"]
[Result "1/2-1/2"]
[WhiteElo "2435"]
[BlackElo "2634"]

1.e4 c5 2.Nf3 e6 3.d4 cxd4 4.Nxd4 Nc6 5.Nc3 d6 6.Be2 Nf6 7.O-O Be7 8.Kh1 O-O
9.f4 Bd7 10.Be3 Nxd4 11.Qxd4 Bc6 12.a4 Qc7 13.f5 Kh8 14.fxe6 fxe6 15.Bc4 Qd7
16.Bb3 b6 17.Qd3 Ng4 18.Bd4 Bf6 19.Bxf6 Nxf6 20.Rad1 Rad8 21.Qh3 Nxe4 22.Bxe6 Rxf1+
23.Rxf1 Qe7 24.Nxe4 Bxe4 25.Bf5 Bxf5 26.Qxf5 h6 27.h3 Qe2 28.Rf2 Qe3 29.Qf4 Qc5
30.Rd2 d5 31.Qd4 Qc7 32.Re2 Kg8 33.c3 Qc5 34.Rd2 Qxd4 35.Rxd4 Kf7 36.Kg1 Ke6
37.Kf2 Rf8+ 38.Ke2 Ke5 39.Rg4 g5 40.g3 Re8 41.Rd4 a5 42.h4 Rf8 43.hxg5 hxg5
44.Rg4 Rf5 45.b4 Kd6 46.Ke3 Re5+ 47.Kd3 Kc6 48.bxa5 bxa5 49.Kd4 Re1 50.c4 Kd6  1/2-1/2

[Event "Olympiad"]
[Site "Bled SLO"]
[Date "2002.11.04"]
[Round "9"]
[White "Macieja,B"]
[Black "Lutz,C"]
[Result "1/2-1/2"]
[WhiteElo "2615"]
[BlackElo "2645"]

1.e4 c5 2.Nc3 e6 3.Nf3 Nc6 4.d4 cxd4 5.Nxd4 Qc7 6.Be2 a6 7.O-O Nf6 8.Be3 Be7
9.f4 d6 10.Qe1 O-O 11.Qg3 Nxd4 12.Bxd4 b5 13.a3 Bb7 14.Rae1 Bc6 15.Bd3 Rae8
16.e5 Nh5 17.Qe3 g6 18.g4 Ng7 19.Be4 f5 20.exf6 Bxf6 21.Bxc6 Qxc6 22.Bxf6 Rxf6
23.Ne4 Rff8 24.Qd4 Rd8 25.c3 Qc4 26.Qb6 d5 27.Nd2 Qc8 28.Re5 Rd7 29.Nb3 Rdf7
30.Qe3 Qc4 31.Nd4 a5 32.b3 Qc5 33.b4 Qc4 34.bxa5 Qa4 35.Nxe6 Nxe6 36.Rxe6 Qxa5
37.f5 Qxa3 38.Qd4 Qa4 39.Qxa4  1/2-1/2

[Event "Olympiad w"]
[Site "Bled SLO"]
[Date "2002.11.05"]
[Round "10"]
[White "Zatonskih,A"]
[Black "Aleksieva,S"]
[Result "1/2-1/2"]
[WhiteElo "2421"]
[BlackElo "2342"]

1.e4 c5 2.Nf3 e6 3.d4 cxd4 4.Nxd4 Nc6 5.Nc3 Qc7 6.Be3 a6 7.Qd2 Bb4 8.a3 Be7
9.Be2 Nf6 10.f4 d6 11.O-O O-O 12.Kh1 Re8 13.Rad1 Na5 14.Qe1 Nd7 15.Qg3 Bf6
16.Bg4 Nc6 17.Nde2 b5 18.Qh3 Rb8 19.Bc1 b4 20.axb4 Nxb4 21.Rd2 Nc5 22.Rfd1 Rb6
23.Qe3 Bb7 24.Bf3 e5 25.fxe5 Bxe5 26.Nd4 g6 27.Nd5 Bxd5 28.exd5 Na2 29.Nc6 Nxc1
30.Rxc1 Rxb2 31.Re2 Qb6 32.Rce1 Rb1 33.h4 Rxe1+ 34.Rxe1 Qb5 35.g3 a5 36.c4 Qxc4
37.Nxa5 Qd3 38.Nc6 Qxe3 39.Rxe3 f6 40.Kg2 Ra8 41.Re2 Ra3 42.Nb4 Kg7 43.Ra2 Rxa2+
44.Nxa2 f5 45.Nb4 Kf6 46.Nc6 Bc3 47.Kf2 Nd3+ 48.Ke2 Ne5 49.Bg2 g5 50.hxg5+ Kxg5
51.Nxe5 dxe5 52.Bh3 Bb4 53.Kf3 Bc5 54.Bf1 h5 55.Bh3 e4+ 56.Ke2 f4 57.gxf4+ Kxf4
58.Bd7 h4 59.Be6 Ke5 60.Kf1 Be3 61.Kg2 Bf4 62.Kh1 e3 63.Bg4 Kxd5 64.Bh5 Ke4
65.Bg4 Ke5  1/2-1/2

[Event "Olympiad"]
[Site "Bled SLO"]
[Date "2002.11.05"]
[Round "10"]
[White "Nyysti,S"]
[Black "Belotti,B"]
[Result "1/2-1/2"]
[WhiteElo "2410"]
[BlackElo "2419"]

1.e4 c5 2.Nf3 e6 3.d4 cxd4 4.Nxd4 Nc6 5.Nc3 d6 6.g4 h6 7.Be3 Nf6 8.h3 a6
9.Bg2 Bd7 10.Qe2 Qc7 11.O-O-O Ne5 12.Kb1 g5 13.f4 gxf4 14.Bxf4 Be7 15.Nf3 O-O-O
16.Rhf1 Be8 17.Nxe5 dxe5 18.Rxd8+ Bxd8 19.Be3 Ng8 20.Qf2 h5 21.g5 h4 22.Bf3 Ne7
23.Bg4 Kb8 24.Rd1 Ng6 25.Bc5 Be7 26.Ba7+ Ka8 27.Bb6 Qb8 28.Qe3 Bc6 29.Be2 Nf4
30.Bf1 Rc8 31.Qg1 Rg8 32.Qf2 Bd8 33.Bxd8 Rxd8 34.Rxd8 Qxd8 35.Qxh4 Bxe4 36.Qe1 Bf5
37.Qxe5 Qd2 38.a3 Qxc2+ 39.Ka2 Nd5 40.Qh8+ Ka7 41.Qd4+ b6 42.Be2 Nxc3+ 43.Qxc3 Qxe2
44.Qc7+  1/2-1/2

[Event "Olympiad w"]
[Site "Bled SLO"]
[Date "2002.11.05"]
[Round "10"]
[White "Sanchez Castillo,S"]
[Black "Bosboom Lanchava,T"]
[Result "1-0"]
[WhiteElo "2180"]
[BlackElo "2341"]

1.e4 c5 2.Nf3 Nc6 3.Nc3 e6 4.d4 cxd4 5.Nxd4 Qc7 6.Be2 a6 7.a4 Bb4 8.O-O Nf6
9.Nxc6 bxc6 10.Bd3 d5 11.exd5 cxd5 12.Bg5 Be7 13.Re1 Bb7 14.Qf3 Rd8 15.Qh3 d4
16.Bxf6 Bxf6 17.Ne4 Be7 18.Ng3 Kf8 19.Re2 h5 20.Rae1 h4 21.Ne4 Rh6 22.Nd2 Qf4
23.Nc4 Bb4 24.Rf1 Rh5 25.f3 Rg5 26.Be4 Bc5 27.Kh1 Bc8 28.g3 hxg3 29.hxg3 Rxg3
30.Qh5 e5 31.Rh2 Rg5 32.Qh4 Bg4 33.Na5 d3 34.Qh8+ Ke7 35.Nc6+ Kd6 36.Qxd8+ Bd7
37.Qf8+ Ke6 38.Qxc5  1-0

[Event "Olympiad w"]
[Site "Bled SLO"]
[Date "2002.11.06"]
[Round "11"]
[White "Ramaswamy,A"]
[Black "Prudnikova,S"]
[Result "1/2-1/2"]
[WhiteElo "2271"]
[BlackElo "2407"]

1.e4 c5 2.Nf3 Nc6 3.d4 cxd4 4.Nxd4 e6 5.Nc3 Qc7 6.Be3 a6 7.Qd2 Nxd4 8.Qxd4 b5
9.Be2 Bb7 10.Rd1 Nf6 11.e5 Nd5 12.Nxd5 Bxd5 13.O-O Be7 14.c3 O-O 15.f4 f6
16.exf6 Bxf6 17.Qd2  1/2-1/2

[Event "Olympiad w"]
[Site "Bled SLO"]
[Date "2002.11.06"]
[Round "11"]
[White "Pokorna,Reg"]
[Black "Aleksieva,S"]
[Result "1/2-1/2"]
[WhiteElo "2362"]
[BlackElo "2342"]

1.e4 c5 2.Nf3 e6 3.d4 cxd4 4.Nxd4 Nc6 5.Nc3 Qc7 6.Be2 a6 7.O-O Nf6 8.Be3 Be7
9.a4 O-O 10.f4 d6 11.Kh1 Re8 12.Bf3 Bf8 13.Nb3 b6 14.g4 Bb7 15.g5 Nd7 16.Bg2 g6
17.Qf3 Nb4 18.Qf2 Nc5 19.Rad1 d5 20.e5 Rac8 21.Rd2 Qb8 22.Nd4 Ne4 23.Nxe4 dxe4
24.Nb3 Bd5 25.Nc1 b5 26.axb5 axb5 27.Rfd1 Qb7 28.c3 Na6 29.Ne2 b4 30.Bd4 Nc5
31.Nc1 bxc3 32.bxc3 Na4 33.Ne2 Bc5 34.Ng3 Bxd4 35.cxd4 Rc4 36.Re1 Nc3 37.Qe3 Rec8
38.Nxe4 Nxe4 39.Bxe4 Rc2 40.Bxd5 Qxd5+ 41.Kg1 R8c3 42.Qf2 Rc1 43.Rdd1 Rxd1
44.Rxd1 Rf3 45.Qd2 Qe4 46.Rf1 Rd3 47.Qf2 Rxd4 48.Qf3 Qf5 49.Qe3 Re4 50.Qd2 Kg7
51.Kh1 h6 52.gxh6+ Kxh6 53.Qd8 Kg7 54.Qh4 Re2 55.Qg3 Kg8 56.Qf3 Re4 57.Qg3 Rxe5
58.Rd1 Qe4+ 59.Kg1 Qe3+ 60.Qxe3 Rxe3 61.Kf2 Ra3 62.Rd7 Kg7 63.Rb7 Ra5 64.h4 Rf5
65.Kg3 e5 66.fxe5 Rxe5 67.Ra7 Rb5 68.Rc7 Kf6 69.Kg4 Rb4+ 70.Kg3 Rd4 71.Ra7 Ke6
72.Ra6+ Ke5 73.Ra7 f6 74.Re7+ Kf5 75.Rf7 Rd3+ 76.Kg2 Rd6 77.Kg3 Re6 78.Rg7 Re1
79.Rf7 Re3+ 80.Kg2 Re4 81.Kg3 Rg4+ 82.Kh3 Rd4 83.Kg3 Rd3+ 84.Kg2 Ke6 85.Rg7 Kf5
86.Rf7 Rd2+ 87.Kg3  1/2-1/2

[Event "Olympiad w"]
[Site "Bled SLO"]
[Date "2002.11.07"]
[Round "12"]
[White "Ramaswamy,A"]
[Black "Borulya,E"]
[Result "1-0"]
[WhiteElo "2271"]
[BlackElo "2348"]

1.e4 c5 2.Nf3 e6 3.d4 cxd4 4.Nxd4 Nc6 5.Nc3 Qc7 6.Be3 a6 7.Qd2 Nf6 8.O-O-O Bb4
9.f3 Ne7 10.Nde2 d5 11.Bg5 dxe4 12.Bxf6 gxf6 13.fxe4 Ng6 14.Kb1 Be7 15.Ng3 Bd7
16.Nh5 O-O-O 17.Qf2 Bc6 18.Be2 Qe5 19.Rhf1 Bxe4 20.Nxe4 Qxe4 21.Bd3 Qb4 22.Nxf6 Ne5
23.c3 Nxd3 24.Rxd3 Qc4 25.Rf3 Rd6 26.Qc2 Rhd8 27.b3 Rb6 28.h3 a5 29.Ka1 Qc7
30.g4 a4 31.Rb1 axb3 32.Rxb3 Rxb3 33.axb3 Qe5 34.Ne4 f5 35.gxf5 exf5 36.Nd2 f4
37.Nc4 Qg5 38.Kb2 Kb8 39.Qf2 Bc5 40.Qh2 Rf8 41.Qe2 Qd5 42.b4 b5 43.Qe5+  1-0

[Event "Olympiad w"]
[Site "Bled SLO"]
[Date "2002.11.07"]
[Round "12"]
[White "Burijovich,L"]
[Black "Popova,N"]
[Result "1-0"]
[WhiteElo "2188"]
[BlackElo "2247"]

1.e4 c5 2.Nf3 Nc6 3.d4 cxd4 4.Nxd4 e6 5.Nc3 d6 6.Be2 Nf6 7.O-O Be7 8.Kh1 O-O
9.f4 a6 10.a4 Qc7 11.g4 Re8 12.g5 Nd7 13.f5 Nde5 14.f6 Bf8 15.Nb3 b6 16.Be3 Bb7
17.Bf3 Nb4 18.Bg2 Red8 19.a5 bxa5 20.Nxa5 Nc4 21.Nxc4 Qxc4 22.Rf2 d5 23.Rd2 Bc5
24.Bf1 Qxf1+ 25.Qxf1 Bxe3 26.Re2 Bxg5 27.Rg2 Bh6 28.Rxg7+ Kh8 29.Rxf7 Bc6
30.Qh3 dxe4 31.Qxh6 e3+ 32.Kg1 Rg8+ 33.Rg7  1-0

[Event "Olympiad"]
[Site "Bled SLO"]
[Date "2002.11.08"]
[Round "13"]
[White "Esplana,C"]
[Black "Hoelzl,F"]
[Result "1-0"]
[WhiteElo "2352"]
[BlackElo "2372"]

1.e4 c5 2.Nf3 e6 3.d4 cxd4 4.Nxd4 Nc6 5.Nc3 Qc7 6.Be3 Nf6 7.Bd3 Nxd4 8.Bxd4 Bc5
9.Bxc5 Qxc5 10.Qe2 d6 11.f4 a6 12.g4 b5 13.g5 Nd7 14.O-O-O Bb7 15.h4 b4 16.Nb1 a5
17.Bb5 a4 18.Rh3 Ra5 19.Bxd7+ Kxd7 20.Rhd3 Ra6 21.Nd2 Rc8 22.c4 bxc3 23.Rxc3 Qb4
24.Rxc8 Kxc8 25.a3 Rc6+ 26.Kb1 Qc5 27.Nf3 Qc4 28.Re1 Kc7 29.Qxc4 Rxc4 30.Nd2 Rc5
31.Re3 Kb6 32.b4 axb3 33.Rxb3+ Rb5 34.Nc4+  1-0

[Event "Olympiad"]
[Site "Bled SLO"]
[Date "2002.11.08"]
[Round "13"]
[White "Kotronias,V"]
[Black "De la Riva Aguado,O"]
[Result "1/2-1/2"]
[WhiteElo "2561"]
[BlackElo "2515"]

1.e4 c5 2.Nf3 Nc6 3.d4 cxd4 4.Nxd4 e6 5.Nc3 Qc7 6.Be3 a6 7.Bd3 Nf6 8.O-O Ne5
9.h3 Bc5 10.Kh1 d6 11.f4 Ng6 12.f5 Ne5 13.Nce2 exf5 14.exf5 O-O 15.Bg5 Ned7
16.Qe1 h6 17.Bd2 d5 18.Qh4 Re8 19.Rae1 b5 20.Rf3 Bf8 21.Bf4 Qb6 22.Be3 Qc7
23.Nf4 Nc5 24.b4 Nce4 25.Nxd5 Nxd5 26.Bxe4 Bb7 27.a3 Rad8  1/2-1/2

[Event "Olympiad"]
[Site "Bled SLO"]
[Date "2002.11.10"]
[Round "14"]
[White "Rogers,I"]
[Black "Al Modiahki,M"]
[Result "0-1"]
[WhiteElo "2557"]
[BlackElo "2550"]

1.e4 c5 2.Nf3 e6 3.d4 cxd4 4.Nxd4 Nc6 5.Nc3 Qc7 6.Be2 a6 7.O-O Nf6 8.Be3 Bb4
9.Na4 O-O 10.c4 Bd6 11.g3 Nxe4 12.Bf3 f5 13.Bxe4 fxe4 14.c5 Be5 15.a3 Rb8
16.Rc1 Rd8 17.Nb6 Bxd4 18.Bxd4 d5 19.cxd6 Qxd6 20.Be3 e5 21.Qxd6 Rxd6 22.Nxc8 Rxc8
23.Rc4 Rd3 24.Rxe4 Rb3 25.Rd1 Rxb2 26.Rd7 Rf8 27.Rc7 Rf7 28.Rc8+ Rf8 29.Rc7 h6
30.h4 Rf7 31.Rc8+ Rf8 32.Rc7 h5 33.g4 hxg4 34.Rxg4 Rf7 35.Rc8+ Rf8 36.Rc7 Rf7
37.Rc8+ Kh7 38.Re8 Nd4 39.h5 Nf3+ 40.Kg2 Rb1 41.h6 gxh6 42.Re6 Rg1+ 43.Kh3 Rh1+
44.Kg2 Rh5 45.Re8 Nh4+ 46.Kg1 Ng6 47.Re6 Nf4 48.Re8 Nd5 49.Rgg8 Nxe3 50.fxe3 Rh3
51.Rh8+ Kg7 52.Rhg8+ Kf6 53.Kf2 Rh2+ 54.Kf3 Rh4 55.e4 Rh3+ 56.Kg4 Re3 57.a4 Rxe4+
58.Kh5 Re2 59.Kh4 Re4+ 60.Kh5 Re1 61.Rh8 Kf5 62.Kh4 Rg7 63.Rhf8+ Ke4 64.Rxe5+ Kxe5
65.Re8+ Kf5 66.Rxe1 Rg4+  0-1

[Event "Olympiad"]
[Site "Bled SLO"]
[Date "2002.11.10"]
[Round "14"]
[White "Zapata,A"]
[Black "David,Alb"]
[Result "0-1"]
[WhiteElo "2556"]
[BlackElo "2511"]

1.e4 c5 2.Nf3 Nc6 3.d4 cxd4 4.Nxd4 e6 5.Nc3 Qc7 6.Be2 a6 7.O-O Nf6 8.a4 Be7
9.Kh1 O-O 10.f4 d6 11.Be3 Re8 12.Bf3 Bd7 13.Nb3 b6 14.g4 Bc8 15.g5 Nd7 16.Bg2 Bb7
17.Qg4 Nb4 18.Rf2 Bf8 19.Raf1 g6 20.Qh4 Bg7 21.Bd4 e5 22.fxe5 Nxe5 23.Bxe5 Rxe5
24.Rxf7 Re7 25.Rxe7 Qxe7 26.e5 dxe5 27.Ne4 Nxc2 28.Qh3 Rd8 29.Nbd2 Nd4 30.Nc4 b5
31.axb5 axb5 32.Nf6+ Bxf6 33.gxf6 Bxg2+ 34.Qxg2 Qe6 35.Ne3 Qc6 36.Ng4 Qxg2+
37.Kxg2 Nf5 38.Rc1 e4 39.Rc7 Rf8 40.Rb7 h5 41.Nf2 Rxf6 42.Nxe4 Ne3+ 43.Kg3 h4+
44.Kxh4 Rf4+ 45.Kg5 Rxe4 46.Rxb5 Rg4+ 47.Kf6 Kh7 48.Re5 Nf5 49.Rb5 Re4 50.b4 Nd4
51.Rb8 Re6+ 52.Kf7 Re5 53.Rb6 Rf5+ 54.Ke7 Rh5 55.Rd6 Nc2 56.Rb6 Rxh2 57.b5 Nd4
58.Rb8 Re2+ 59.Kd7 Nxb5 60.Rxb5 Kh6 61.Rb1 g5 62.Rg1 Kh5 63.Rh1+ Kg4 64.Kd6 Kf3
65.Rf1+ Kg2 66.Rf8 g4 67.Kd5 g3 68.Kd4 Kg1 69.Kd3 Re7 70.Kd2 g2 71.Rg8 Rh7  0-1

[Event "14th Open"]
[Site "Leuven BEL"]
[Date "2002.11.11"]
[Round "7"]
[White "Ermenkov,E"]
[Black "Ooms,A"]
[Result "1-0"]
[WhiteElo "2463"]
[BlackElo "2170"]

1.e4 c5 2.Nc3 Nc6 3.Nge2 e6 4.d4 cxd4 5.Nxd4 Qc7 6.f4 a6 7.Nxc6 Qxc6 8.Bd3 d6
9.Qe2 Bd7 10.O-O Be7 11.Kh1 Qc7 12.Bd2 Bc6 13.e5 O-O-O 14.a4 d5 15.Nb5 Qb8
16.Nd4 Be8 17.b4 Rd7 18.Rfb1 Bd8 19.b5 Bb6 20.Nb3 axb5 21.Bxb5 Rd8 22.a5 Ba7
23.a6 b6 24.Bb4  1-0

[Event "WYb18"]
[Site "Heraklio GRE"]
[Date "2002.11.15"]
[Round "1"]
[White "Widmer,S"]
[Black "Berkes,F"]
[Result "0-1"]
[WhiteElo "2165"]
[BlackElo "2545"]

1.e4 c5 2.Nf3 e6 3.d4 cxd4 4.Nxd4 Nc6 5.Nc3 Qc7 6.g3 a6 7.Bg2 d6 8.O-O Bd7
9.Re1 Be7 10.Nxc6 Bxc6 11.Qg4 h5 12.Qe2 Nf6 13.Bg5 b5 14.Bxf6 gxf6 15.a3 h4
16.Qd3 hxg3 17.hxg3 Rc8 18.Ne2 f5 19.c3 Qb7 20.Nd4 Bxe4 21.Bxe4 fxe4 22.Qxe4 Qxe4
23.Rxe4 Kd7 24.Kg2 d5 25.Ree1 Bf6 26.Rad1 Kd6 27.f4 Rc4 28.Kf3 Rg8 29.Nb3 Bxc3
30.Nd2 Bxb2 31.Nxc4+ bxc4 32.Rb1 c3 33.Rg1 Kc5 34.Ke2 Kc4  0-1

[Event "Tch-SWE 2002-3"]
[Site "Sweden SWE"]
[Date "2002.11.16"]
[Round "4"]
[White "Bergstrom,P"]
[Black "Lundin,An"]
[Result "0-1"]
[WhiteElo "2334"]
[BlackElo "2270"]

1.e4 c5 2.Nf3 e6 3.d4 cxd4 4.Nxd4 Nc6 5.Nc3 d6 6.Be3 Nf6 7.f3 Be7 8.Qd2 O-O
9.O-O-O a6 10.g4 Nd7 11.Kb1 Nde5 12.Qg2 b5 13.g5 Bd7 14.f4 Nxd4 15.Bxd4 Nc6
16.Bf6 Bxf6 17.gxf6 Qxf6 18.Rxd6 Rad8 19.Nd5 Qh4 20.Nc3 Qxf4 21.Rd2 Bc8 22.Bd3 Ne5
23.Rg1 g6 24.Rf2 Qh4 25.Be2 Bb7 26.Qf1 Rd2 27.Rf4 Qh6 28.h4 b4 29.Na4 Rxe2
30.Nc5 Re1+ 31.Qxe1 Qxf4 32.Nxb7 Nf3 33.Qg3 Qe3 34.Rg2 Nd2+ 35.Ka1 Qxe4 36.a4 Qxc2  0-1

[Event "WYg18"]
[Site "Heraklio GRE"]
[Date "2002.11.17"]
[Round "4"]
[White "Tsereteli,T"]
[Black "Vasilevich,I"]
[Result "1-0"]
[WhiteElo "2316"]
[BlackElo "2251"]

1.e4 c5 2.Nf3 e6 3.d4 cxd4 4.Nxd4 Nc6 5.Nc3 Qc7 6.Be3 a6 7.Bd3 Nf6 8.O-O Be7
9.a4 O-O 10.Nb3 b6 11.f4 d6 12.Qf3 Bb7 13.Qh3 Rfe8 14.Rad1 Rac8 15.Rd2 Nb4
16.Rdf2 Nd7 17.e5 Nxd3 18.cxd3 Nc5 19.Nxc5 dxc5 20.Ne4 Rcd8 21.f5 Qxe5 22.f6 Bxe4
23.fxe7 Rxd3 24.Rxf7 Bf5 25.Qh5 Qb8 26.Bf4 Qb7 27.Rxg7+ Kxg7 28.Be5+  1-0

[Event "Bundesliga 2002-3"]
[Site "Kreuzberg GER"]
[Date "2002.11.17"]
[Round "4"]
[White "Polzin,R"]
[Black "Emms,J"]
[Result "1/2-1/2"]
[WhiteElo "2462"]
[BlackElo "2520"]

1.e4 c5 2.Nf3 e6 3.d4 cxd4 4.Nxd4 Nc6 5.Nc3 Qc7 6.Be2 a6 7.O-O Nf6 8.Be3 Be7
9.f4 d6 10.a4 O-O 11.Kh1 Nxd4 12.Qxd4 Bd7 13.a5 Bc6 14.Bf3 Nd7 15.Rfd1 Rac8
16.Qd2 Rfe8 17.Ne2 Nf6 18.Bb6 Qb8 19.Qe3 Nd7 20.Ba7 Qc7 21.c4 Bf8 22.Nc3 Be7
23.b4 Nf8 24.Rac1 Ng6 25.Bb6 Qb8 26.Ba7 Qc7 27.b5 Bd7 28.c5 Bf8 29.cxd6 Qxa5
30.Bb6 Qb4 31.e5 axb5 32.Ne4 Rxc1 33.Rxc1 Rc8 34.Rxc8 Bxc8 35.h3 Nh4 36.Nc5 Nxf3
37.Qxf3 Qd4 38.Qd3 Qxf4 39.d7 Qc1+ 40.Kh2 Qf4+ 41.Kh1 Qc1+ 42.Kh2 Qf4+ 43.Qg3 Qxg3+
44.Kxg3 Bxd7 45.Nxd7 Bb4 46.Bd4 h6 47.Kg4 Kh7 48.h4 Be1 49.Nc5 b4 50.Ne4 b5
51.h5 g6 52.g3 b3 53.Nd6 gxh5+ 54.Kxh5 Bxg3 55.Nxf7 Bf4 56.Bb2 b4 57.Nd6 Bd2
58.Nc4 Bc3 59.Bc1 Bd4 60.Bb2 Bxb2 61.Nxb2  1/2-1/2

[Event "WYb16"]
[Site "Heraklio GRE"]
[Date "2002.11.18"]
[Round "5"]
[White "Pashikian,A"]
[Black "Choma,E"]
[Result "1-0"]
[WhiteElo "2304"]
[BlackElo "2227"]

1.e4 c5 2.Nc3 e6 3.Nf3 Nc6 4.d4 cxd4 5.Nxd4 Nf6 6.Be2 Bb4 7.O-O O-O 8.Nxc6 dxc6
9.e5 Nd7 10.f4 f5 11.exf6 Nxf6 12.Bd3 Bd7 13.Qe2 Qe7 14.Bd2 Be8 15.Rae1 Bf7
16.Kh1 Rae8 17.Qf2 Nd5 18.Nxd5 cxd5 19.Bxb4 Qxb4 20.c3 Qb6 21.Qc2 g6 22.Qf2 Qxf2
23.Rxf2 Rc8 24.Rfe2 Kg7 25.h4 Rfd8 26.Re5 Re8 27.Kg1 Red8 28.Kf2 Rc6 29.Ke3 Be8
30.Kd4 Kf6 31.g4 Bd7 32.h5 Rb6 33.R1e2 Rg8 34.hxg6 hxg6 35.Rh2 Rg7 36.g5+ Ke7
37.b3 Kd6 38.Rh8 Ke7 39.Rb8 Be8 40.Re3 Bb5 41.Bc2 Rf7 42.Ke5 d4 43.Rh3 Bf1
44.Rf3 Be2 45.Rg3 d3 46.Bxd3 Bxd3 47.Rxd3 Rf5+ 48.Ke4 e5 49.fxe5 Rxg5 50.c4 Rg1
51.c5 Rb4+ 52.Kd5 Rc1 53.Rh8 Rb5 54.Rh7+ Kf8 55.Ke6 Kg8 56.Rc7 Rf1 57.Rd8+ Rf8
58.Rxf8+ Kxf8 59.Kf6 Ke8 60.e6 Kd8 61.Rd7+ Kc8 62.Rd5 Rb4 63.e7  1-0

[Event "40th Ann Open"]
[Site "Curacao AHO"]
[Date "2002.11.19"]
[Round "2"]
[White "Broehl,S"]
[Black "Polgar,S"]
[Result "0-1"]
[WhiteElo "2223"]
[BlackElo "2462"]

1.e4 c5 2.Nf3 e6 3.d4 cxd4 4.Nxd4 Nc6 5.Nc3 Qc7 6.Be2 a6 7.O-O d6 8.Be3 Nf6
9.f4 Be7 10.Qe1 O-O 11.Qg3 Nxd4 12.Bxd4 b5 13.a3 Bb7 14.Kh1 Bc6 15.Rad1 Qb7
16.Bf3 a5 17.Rfe1 g6 18.Qh3 b4 19.e5 dxe5 20.fxe5 Nd7 21.Ne4 Rfe8 22.Rd3 Rac8
23.axb4 axb4 24.Qh6 Qb5 25.Be2 Qd5 26.Bf3 Qb5 27.Be2 Qd5 28.Bf3 Qa5 29.Nd6 Bxd6
30.exd6 e5 31.Bxc6 exd4 32.Rxe8+ Rxe8 33.Qc1 b3 34.Rd2 Qg5 35.Qd1 bxc2 36.Rxc2 d3
37.Rd2 Re3 38.Qg1 Qe5 39.Rd1 d2 40.Bxd7 Re1 41.Ba4 Qe3  0-1

[Event "WYb14"]
[Site "Heraklio GRE"]
[Date "2002.11.19"]
[Round "6"]
[White "Brkic,A"]
[Black "Iotov,V"]
[Result "1-0"]
[WhiteElo "2372"]
[BlackElo "2256"]

1.e4 c5 2.Nf3 e6 3.d4 cxd4 4.Nxd4 Nc6 5.Nc3 Qc7 6.Be3 a6 7.Be2 Nf6 8.O-O Be7
9.f4 d6 10.a4 O-O 11.Kh1 Re8 12.Bf3 Bf8 13.Nb3 b6 14.Qe2 Bb7 15.Rad1 Rac8
16.g4 Nb4 17.g5 Nd7 18.Qg2 g6 19.Qd2 Qb8 20.Nc1 Qa8 21.N1e2 e5 22.b3 exf4
23.Bxf4 Ne5 24.Bg2 Qb8 25.Rc1 Qc7 26.Nd5 Bxd5 27.exd5 Na2 28.Ra1 Nc3 29.Ng3 Bg7
30.Rae1 Nd7 31.Be3 Re7 32.Bd4 Rce8 33.Rxe7 Rxe7 34.Bxg7 Kxg7 35.Rf3 Nb1 36.Qc1 Ne5
37.Re3 Qc5 38.Ne4 Qd4 39.Rg3 Na3 40.c3 Nd3 41.Qf1 Qxd5 42.Qf6+ Kg8 43.Qxe7 Qxb3
44.Rf3 Ne5 45.Nf6+ Kg7 46.Qe8 Qd1+ 47.Rf1 Qxf1+ 48.Bxf1 Ng4 49.Qg8+  1-0

[Event "WYb18"]
[Site "Heraklio GRE"]
[Date "2002.11.19"]
[Round "6"]
[White "Petrosian,TL"]
[Black "Flumbort,A"]
[Result "1-0"]
[WhiteElo "2324"]
[BlackElo "2446"]

1.e4 c5 2.Nf3 Nc6 3.d4 cxd4 4.Nxd4 e6 5.Nc3 Qc7 6.g3 a6 7.Bg2 Nf6 8.O-O Be7
9.Re1 Nxd4 10.Qxd4 d6 11.e5 dxe5 12.Qxe5 Qxe5 13.Rxe5 Bd6 14.Re2 Rb8 15.Be3 O-O
16.Rd1 Bc7 17.Ba7 Ra8 18.Bc5 Re8 19.Red2 Rb8 20.Ba7 Ra8 21.Bc5 Rb8 22.Na4 b5
23.Bc6 bxa4 24.Bxe8 Nxe8 25.Rd8 Bxd8 26.Rxd8 f6 27.Bd6 Ra8 28.Rxe8+ Kf7 29.Re7+ Kg6
30.f4 a5 31.c4 Ba6 32.c5 Bc4 33.a3 h5 34.Kf2 Ra6 35.Ke3 Rc6 36.Kd4 Bb3 37.Ra7 Rc8
38.Rxa5 Kf5 39.c6+ e5+ 40.Kc5 e4 41.c7 Ke6 42.Kc6 g6 43.f5+ gxf5 44.Bf4  1-0

[Event "Kubanskaja Osen"]
[Site "Krasnodar RUS"]
[Date "2002.11.20"]
[Round "6"]
[White "Stambulian,A"]
[Black "Geller,J"]
[Result "0-1"]
[WhiteElo "2469"]
[BlackElo "2433"]

1.e4 c5 2.Nf3 Nc6 3.Nc3 e6 4.d4 cxd4 5.Nxd4 Nf6 6.Ndb5 d6 7.Bf4 e5 8.Bg5 a6
9.Na3 b5 10.Bxf6 gxf6 11.Nd5 Bg7 12.Bd3 Ne7 13.Nxe7 Qxe7 14.c4 O-O 15.O-O f5
16.Qh5 Rb8 17.exf5 e4 18.Rae1 Bb7 19.Nc2 bxc4 20.Bxc4 d5 21.f6 Qxf6 22.Bxd5 Bxd5
23.Qxd5 Rxb2 24.Ne3 Qe6 25.Qxe6 fxe6 26.a3 Ra2 27.Nc4 Bd4 28.Rxe4 Rfxf2 29.Rg4+ Kh8  0-1

[Event "WYg16"]
[Site "Heraklio GRE"]
[Date "2002.11.21"]
[Round "7"]
[White "Zdebskaja,N"]
[Black "Paridar,S"]
[Result "1/2-1/2"]
[WhiteElo "2260"]
[BlackElo "2132"]

1.e4 c5 2.Nf3 Nc6 3.Nc3 e6 4.d4 cxd4 5.Nxd4 Qc7 6.g3 a6 7.Bg2 Nf6 8.O-O Bc5
9.Nxc6 dxc6 10.Na4 Ba7 11.c4 Nd7 12.Qg4 Bd4 13.Be3 Bxe3 14.fxe3 O-O 15.b3 b5
16.Nb2 Qe5 17.Qe2 Nc5 18.b4 Nd7 19.Nd3 Qg5 20.c5 e5 21.a4 Nf6 22.axb5 Bg4
23.Bf3 axb5 24.Nf2 Be6 25.Rfd1 h5 26.Kg2 Ng4 27.Bxg4 hxg4 28.h3 gxh3+ 29.Nxh3 Qg4
30.Qxg4 Bxg4 31.Rxa8 Rxa8 32.Rd6 Bxh3+ 33.Kxh3 Ra4 34.Kg4 g6 35.Rxc6 Rxb4
36.Kf3 Rc4 37.Rc8+ Kg7 38.c6 b4 39.c7 b3 40.Rb8 Rxc7 41.Rxb3  1/2-1/2

[Event "WYg18"]
[Site "Heraklio GRE"]
[Date "2002.11.21"]
[Round "8"]
[White "Papp,Ju"]
[Black "Vasilevich,I"]
[Result "0-1"]
[WhiteElo "2138"]
[BlackElo "2251"]

1.e4 c5 2.Nf3 e6 3.d4 cxd4 4.Nxd4 Nc6 5.Nc3 Qc7 6.f4 d6 7.Be3 a6 8.Qf3 Nf6
9.O-O-O Be7 10.h3 O-O 11.g4 Nxd4 12.Bxd4 b5 13.Bd3 Bb7 14.h4 b4 15.Ne2 e5
16.fxe5 dxe5 17.Be3 Bc5 18.g5 Ne8 19.h5 a5 20.Rdf1 a4 21.Bxc5 Qxc5 22.g6 b3
23.a3 Nf6 24.gxh7+ Nxh7 25.Ng3 Ba6 26.c3 Bxd3 27.Qxd3 Rad8 28.Qe2 Rd7 29.Nf5 Rfd8
30.Rfg1 f6 31.Rg6 Nf8 32.Rg3 Ne6 33.Rhg1 Kh8 34.Nh4 Rd2 35.Ng6+ Kg8 36.Qg4 Rc2+
37.Kb1 Rxb2+ 38.Ka1 Qxa3+  0-1